• 首页
  • 本馆介绍
  • 公告通知
  • 最新文献
  • 馆藏检索
  • 电子资源
  • 读者导购
  • 参考咨询
  • 我的图书馆
  • 登录
  • 详细信息显示
  • 放入我的书架
  • 预约/预借图书
  • 作者相关作品
  • 分类相关作品
  • 丛书相关作品
  • 出版社相关作品

书目信息

  • 表格格式
  • 工作单格式
  • 卡片格式
题名:
氢气生产及热化学利用
    
 
作者: 毛宗强 , 毛志明 编著
分册:  
出版信息: 北京   化学工业出版社  2015.5
页数: 321页
开本: 24cm
丛书名: 21世纪可持续能源丛书
单 册:
中图分类: TQ116.2 , TK91
科图分类:
主题词: 氢气--化工生产 , 氢气--热化学
电子资源:
ISBN: 978-7-122-23149-9
000 01344nam 2200325 450
001 0400002458
005 20171021101845.0
010    @a978-7-122-23149-9@dCNY88.00
100    @a20151126e2015 em y0chiy50 ea
101 0  @achi
102    @aCN@b110000
105    @aak az 000yy
106    @ar
200 1  @a氢气生产及热化学利用@9qing qi sheng chan ji re hua xue li yong@dHydrogen production and thermal chemical use@f毛宗强,毛志明编著@zeng
210    @a北京@c化学工业出版社@d2015.5
215    @a321页@c图@d24cm
225 2  @a21世纪可持续能源丛书
314    @a毛宗强 (1947-),男,江苏淮阴人。清华大学教授,博士生导师。获Bradford大学化工系博士学位。现为全国氢能标准化技术委员会(SAC/TC309)主任委员、国际氢能学会副会长等。
320    @a有书目
330    @a本书全面系统地介绍了大规模工业制造氢气的方法和氢气的热化学利用,包括氢的背景;热化学制氢;电解水制氢;氢的储存和运输;氢在内燃机车、火箭、汽车、船舶、交通工具以及以氢为动力的燃料电池等方面的应用前景。
461  0 @12001 @a21世纪可持续能源丛书
510 1  @aHydrogen production and thermal chemical use@zeng
606 0  @a氢气@x化工生产
606 0  @a氢气@x热化学
690    @aTQ116.2@v5
690    @aTK91@v5
701  0 @a毛宗强@9mao zong qiang@f1947-@4编著
701  0 @a毛志明@9mao zhi ming@f1977-@4编著
801  0 @aCN@b91MARC@c20171021
905    @b1022069-73@dTQ116.2@f5@e32
    
    氢气生产及热化学利用=Hydrogen production and thermal chemical use/毛宗强,毛志明编著.-北京:化学工业出版社,2015.5
    321页:图;24cm.-(21世纪可持续能源丛书)
    
    
    ISBN 978-7-122-23149-9:CNY88.00
    本书全面系统地介绍了大规模工业制造氢气的方法和氢气的热化学利用,包括氢的背景;热化学制氢;电解水制氢;氢的储存和运输;氢在内燃机车、火箭、汽车、船舶、交通工具以及以氢为动力的燃料电池等方面的应用前景。
●
相关链接 在E读中查询图书 在五车中查询图书 在当当中查询图书 在豆瓣中查询图书


正题名:氢气生产及热化学利用     索取号:TQ116.2/32         预约/预借

序号 登录号 条形码 馆藏地/架位号 状态 备注
1 1022069   210220697   第二样本阅览室/ [索取号:TQ116.2/32] 在馆    
2 1022070   210220704   密集书库-化学系/ [索取号:TQ116.2/32] 在馆    
3 1022071   210220713   第三借阅区/ [索取号:TQ116.2/32] 在馆    
4 1022072   210220722   第三借阅区/ [索取号:TQ116.2/32] 在馆    
5 1022073   210220731   第三借阅区/ [索取号:TQ116.2/32] 在馆    
唐山师范学院图书馆 欢迎您!
大连网信软件有限公司© 版权所有